Autostrade e Regioni attraversate - Quiz n°3 - Statistics

Statistiche generali
  • Questo quiz è stato fatto 19 volte
  • Il punteggio medio è 30 su 36
Statistiche sulle risposte
Domanda Casella Select % Corretto
A14 Autostrada Adriatica Basilicata No
100%
A24 Autostrada dei Parchi Marche No
100%
A24 Autostrada dei Parchi Campania No
95%
A14 Autostrada Adriatica Emilia-Romagna
95%
A22 Autostrada del Brennero Friuli-Venezia Giulia No
95%
A13 Autostrada Euganea Toscana No
95%
A22 Autostrada del Brennero Toscana No
95%
A24 Autostrada dei Parchi Abruzzo
89%
A2 Autostrada del Mediterraneo Abruzzo No
89%
A6 Autostrada Verdemare Emilia-Romagna No
89%
A6 Autostrada Verdemare Lombardia No
89%
A14 Autostrada Adriatica Marche
89%
A2 Autostrada del Mediterraneo Molise No
89%
A13 Autostrada Euganea Piemonte No
89%
A24 Autostrada dei Parchi Puglia No
89%
A22 Autostrada del Brennero Trentino-Alto Adige
89%
A2 Autostrada del Mediterraneo Calabria
84%
A2 Autostrada del Mediterraneo Campania
84%
A13 Autostrada Euganea Friuli-Venezia Giulia No
84%
A6 Autostrada Verdemare Lazio No
84%
A13 Autostrada Euganea Lombardia No
84%
A14 Autostrada Adriatica Molise
84%
A14 Autostrada Adriatica Puglia
84%
A13 Autostrada Euganea Veneto
84%
A2 Autostrada del Mediterraneo Basilicata
79%
A6 Autostrada Verdemare Liguria
79%
A22 Autostrada del Brennero Veneto
79%
A14 Autostrada Adriatica Veneto No
79%
A24 Autostrada dei Parchi Molise No
74%
A6 Autostrada Verdemare Toscana No
74%
A13 Autostrada Euganea Emilia-Romagna
68%
A24 Autostrada dei Parchi Lazio
68%
A6 Autostrada Verdemare Piemonte
68%
A2 Autostrada del Mediterraneo Puglia No
68%
A22 Autostrada del Brennero Emilia-Romagna
63%
A22 Autostrada del Brennero Lombardia
63%
Nessun quiz corrispondente trovato
Distribuzione punteggi
Percentuale di utenti per punteggio
Percentile per numero di risposta
I tuoi punteggi nel tempo
Non hai fatto questo quiz